00496 2200169 4500001002100000005001500021035002000036007000300056008004100059084001400100100001900114245011600133260003300249300001300282650001600295710001500311INLIS00000000000264020250718020022 a0010-0725000040ta250718 0 ind  a2024.12.L0 aTri Subiantoro1 aOPTIMALISASI PENGELOLAAN PIUTANG DI RUMAH SAKIT KARIADI - SEMARANG :bAksi Perubahan 2024 /cdr. Tri Subiantoro aCiloto :bBBPK Ciloto,c2024 a129 hlm. 4alaporan PKP2 aRS Kariadi